កូនដំរីប្តូរទម្លាប់ / (Record no. 9059)

MARC details
000 -LEADER
fixed length control field 02127nam a22003017a 4500
001 - CONTROL NUMBER
control field 9059
003 - CONTROL NUMBER IDENTIFIER
control field FISKH
005 - DATE AND TIME OF LATEST TRANSACTION
control field 20251118115436.0
008 - FIXED-LENGTH DATA ELEMENTS--GENERAL INFORMATION
fixed length control field 251118b cb ||||| |||| 00| 0 eng d
020 ## - INTERNATIONAL STANDARD BOOK NUMBER
International Standard Book Number 9789996346392
040 ## - CATALOGING SOURCE
Original cataloging agency FISKH
Language of cataloging khr
Transcribing agency FISKH
Modifying agency FISKH
082 ## - DEWEY DECIMAL CLASSIFICATION NUMBER
Classification number 398.2
100 ## - MAIN ENTRY--PERSONAL NAME
Personal name Pisey, Pol
245 ## - TITLE STATEMENT
Title កូនដំរីប្តូរទម្លាប់ /
Statement of responsibility, etc. និពន្ធដោយ អ្នកស្រី ប៉ុល ពិសី , កែសម្រួលដោយ អ្នកស្រី គឹមស៊ុន សុធារី
260 ## - PUBLICATION, DISTRIBUTION, ETC.
Place of publication, distribution, etc. Phom Penh :
Name of publisher, distributor, etc. Reading Books ,
Date of publication, distribution, etc. 2015.
300 ## - PHYSICAL DESCRIPTION
Extent 20 pages :
Other physical details color illustrations ;
Dimensions 25 cm .
490 ## - SERIES STATEMENT
Series statement ពិភពរឿងនិទាន
505 ## - FORMATTED CONTENTS NOTE
Formatted contents note M <br/>
520 ## - SUMMARY, ETC.
Summary, etc. រឿងនេះចង់អប់រំអោយប្អូនៗកុមារមានសុជីវធម៏នៅក្នុងគ្រួសារក៏ដូចជាក្នុងសង្គម ។ ជាងនេះទៅទៀតនៅពេលដែលចង់បានរបស់អ្វីមួយពីឪពុកម្តាយ ឬ ពីនរណាម្នាក់ត្រូវចេះសុំនិងអរគុណបន្ទាប់ពីទទួលបាន ហើយត្រូវមានទម្លាប់ល្អទាំងកាយវិការនិងពាក្យសម្តី ។
520 ## - SUMMARY, ETC.
Summary, etc. This story is intended to educate young children so that they have savoir faire in their household as well as in th society. What is more, when in need of something from parents or someone, they have to ask it from them and say thanks following their receipt of it and they have to have good habits in terms of their physical movements and speeches .
521 8# - TARGET AUDIENCE NOTE
Target audience note 520 <br/>
Source Lexile estimate <br/>
521 8# - TARGET AUDIENCE NOTE
Target audience note M <br/>
Source Raz-Plus <br/>
650 ## - SUBJECT ADDED ENTRY--TOPICAL TERM
Topical term or geographic name entry element កូនដំរីប្តូរទម្លាប់
Form subdivision រឿងនិទានកុមារ
650 ## - SUBJECT ADDED ENTRY--TOPICAL TERM
Topical term or geographic name entry element Baby elephant changes its habits
Form subdivision Children's Stories
700 ## - ADDED ENTRY--PERSONAL NAME
Personal name Saren, Koam
Relator term Illustrator
942 ## - ADDED ENTRY ELEMENTS (KOHA)
Source of classification or shelving scheme Dewey Decimal Classification
Koha item type Khmer Books
Suppress in OPAC No
Holdings
Withdrawn status Lost status Source of classification or shelving scheme Damaged status Not for loan Collection Home library Current library Shelving location Date acquired Total Checkouts Full call number Barcode Date last seen Price effective from Koha item type
    Dewey Decimal Classification     Khmer-English Bilingual / ភាសាខ្មែរ-អង់គ្លេស Footprints International School Library Network Toul Tom Poung Campus Footprints International School Library Network Toul Tom Poung Campus TTP Primary Khmer Bookshelves 11/18/2025   PIS 398.2 FISBK03834 11/18/2025 11/18/2025 Khmer Books